Music Quiz

Random Music or Lyrics Quiz
Score 0/10 Timer 05:00
0 Plays Today
Question Answer Wrong Answers
Paperback Writer It's a dirty story of a dirty man and his clinging wife doesn't understand
92.9%
It's a happy story of a happy man and his clinging wife doesn't understand
0%
It's a sticky story of a sticky man and his clinging wife doesn't understand
0%
It's a easy story of an easy man and his clinging wife doesn't understand
7.1%
Helter Skelter You may be a lover but you ain't no dancer
92.9%
You may be a lover but you ain't no greater
0%
You may be a lover but you ain't no answer
0%
You may be a lover but you ain't no singer
7.1%
I've Just Seen A Face Had it been the other day I might have looked the other way
85.7%
If it was the other day I might had look the other way
0%
What if it's the other day I might have looked the other way
14.3%
When it is the other day I would have looked the other way
0%
Norwegian Wood And when I awoke I was alone, this bird has flown
85.7%
And when I awoke I was alone, the bird has flown
7.1%
And when I awoke I was alone, her bird has flown
0%
And when I awoke I was alone, all birds have flown
7.1%
Back In The U.S.S.R. And Moscow girls make me sing and shout, That Georgia's always on my-my-my-my-mind
78.6%
And Glasgow girls make me sing and shout, That Georgia's always on my-my-my-my-mind
0%
And Ukraine girls make me sing and shout, That Georgia's always on my-my-my-my-mind
21.4%
And Russia girls make me sing and shout, That Georgia's always on my-my-my-my-mind
0%
Across The Universe Pools of sorrow, waves of joy are drifting through my opened mind, possessing and caressing me
78.6%
Pools of carrow, waves of joy are drifting through my opened mind, possessing and caressing me
0%
Pools of marrow, waves of joy are drifting through my opened mind, possessing and caressing me
0%
Pools of borrow, waves of joy are drifting through my opened mind, possessing and caressing me
21.4%
Hey Bulldog Childlike, no one understands
71.4%
Big Sam, frightened of the dark
14.3%
Bulldog, doing it again
7.1%
Jackknife, in your wetty hands
0%
A Day In The Life Nobody was really sure if he was from the House of Lords
57.1%
Made my way downstairs and had a smoke
21.4%
I saw the news today, oh boy
7.1%
Five thousand holes in Blackburn, Lancashire
7.1%
Mr Moonlight And the night you don't come my way, I pray and pray more each day
50%
And the night you don't come my way, I pray and pray more everyday
7.1%
And the night you don't come my way I pray and pray more all day
14.3%
And the night you don't come my way I pray and pray more these day
21.4%
Tomorrow Never Knows Or play the game 'Existence' to the end
28.6%
That ignorance and hate may wake the dead
7.1%
Lay down your though, surrender to the void
21.4%
But listen to the colour of your head
35.7%
Remove Ads.
Support Sporcle.
Get the best of Sporcle when you Go Orange. This ad-free experience offers more features, more stats, and more fun while also helping to support Sporcle. Thank you for becoming a member.

You're not logged in!

Compare scores with friends on all Sporcle quizzes.
OR
Log In

Sporcle TV

Today on Sporcle TV


Watch our educational content, quiz creation guides, and fun videos on Sporcle TV.

Show Comments

Extras

Top Quizzes Today


Score Distribution

Paid Content

Your Account Isn't Verified!

In order to create a playlist on Sporcle, you need to verify the email address you used during registration. Go to your Sporcle Settings to finish the process.

Report this User

Report this user for behavior that violates our Community Guidelines.

Details: